TV Shows by TV Houses Quiz Stats

 Plays Quiz not verified by Sporcle

Score 0/20 Timer 05:00
89 Plays Today
% Correct
The Flintstones
96%
The Simpsons
95.5%
M*A*S*H
90.9%
Gilligan's Island
89.8%
The Addams Family
82.2%
The Brady Bunch
79.9%
The Munsters
70.8%
Breaking Bad
70.2%
Petticoat Junction
69.7%
All in the Family
68.6%
% Correct
Bonanza
68.3%
Leave it to Beaver
66.9%
Green Acres
64.8%
The Beverly Hillbillies
63.1%
Dallas
62.3%
The Waltons
61.5%
Ozzie and Harriet
60.7%
The Wonder Years
60.1%
Dynasty
53.2%
My Three Sons
47.2%

You're not logged in!

Compare scores with friends on all Sporcle quizzes.
OR
Log In

Sporcle TV

Today on Sporcle TV


Watch our educational content, quiz creation guides, and fun videos on Sporcle TV.

Show Comments

Extras

Top Quizzes Today


Score Distribution

Your Account Isn't Verified!

In order to create a playlist on Sporcle, you need to verify the email address you used during registration. Go to your Sporcle Settings to finish the process.

Report this User

Report this user for behavior that violates our Community Guidelines.

Details: